000 00566nam a2200229Ia 4500
003 OSt
005 20220924143130.0
006 a|||||r|||| 00| 0
007 ta
008 220923b |||||||| |||| 00| 0 ara d
024 _a306823
037 _cTextual
040 _aARTS
_cARTS
_bara
041 _2ara
_aara
082 _aQ7v, 28E6.5
100 _aTabri Jadid
_9214859
245 0 _aTarikh - al - mam - wa - al - maluk
260 _c1906
650 _aRELIGION
942 _hQ7v, 28E6.5
_cTEXL
_2CC
999 _c453282
_d453282